书目信息 |
| 题名: |
近海环境流体动力学数值模型
|
|
| 作者: | 江文胜 , 孙文心 编著 | |
| 分册: | ||
| 出版信息: | 北京 科学出版社 2006.01 |
|
| 页数: | 414页 | |
| 开本: | 26cm | |
| 丛书名: | ||
| 单 册: | ||
| 中图分类: | P731.2 | |
| 科图分类: | ||
| 主题词: | 海洋学--基础理论 | |
| 电子资源: | ||
| ISBN: | 7-03-012461-8 | |
| 000 | 00703 nam 000229 | |
| 001 | 0100001995 | |
| 005 | 20070901103642.71 | |
| 010 | @a7-03-012461-8@dCNY68.00 | |
| 100 | @a20070806d2006 em y0chiy0121 ea | |
| 101 | @achi | |
| 102 | @aCN@b110000 | |
| 105 | @ay z 000yy | |
| 200 | 10 | @a近海环境流体动力学数值模型@9jin hai huan jing liu ti dong li xue shu zhi mo xing@f孙文心,江文胜编著@Fsun wen xin , jiang wen sheng bian zhu |
| 210 | @a北京@c科学出版社@d2006.01 | |
| 215 | @a414页@d26cm | |
| 606 | @a海洋学@x基础理论 | |
| 690 | @aP731.2@v4 | |
| 701 | 1 | @a江文胜@9jiang wen sheng@4编著 |
| 701 | 0 | @a孙文心@9sun wen xin@4编著 |
| 801 | @aCN@c20070901 | |
| 901 | @a000003 | |
| 905 | @dP731.2@eS950 | |
| 近海环境流体动力学数值模型/孙文心,江文胜编著.-北京:科学出版社,2006.01 |
| 414页;26cm |
| ISBN 7-03-012461-8:CNY68.00 |
| ● |
| 相关链接 |
|
|
|
正题名:近海环境流体动力学数值模型
索取号:P731.2/S950
 
预约/预借
| 序号 | 登录号 | 条形码 | 馆藏地/架位号 | 状态 | 备注 |
| 1 | 644293 | 206442937 | 自科库401/401自科库 134排2列3层/ [索取号:P731.2/S950] | 在馆 |